Dr. Jekyll and Mr. Hyde

Αποθηκεύτηκε σε:
Λεπτομέρειες βιβλιογραφικής εγγραφής
Κύριος συγγραφέας: Stevenson, Robert Louis, 1850-1894
Μορφή: Βιβλίο
Γλώσσα:English
Δημοσίευση: Belmont, California : Lake Education, 1994
Σειρά:Lake Illustrated Classics
Θέματα:
Ετικέτες: Προσθήκη ετικέτας
Δεν υπάρχουν, Καταχωρήστε ετικέτα πρώτοι!

MARC

LEADER 00000nam a2200000 i 4500
001 1/64730
008 970321s1994 eng d
020 |a 1561034207 
035 |l 10029481 
040 |a GR-MY-UA  |b gre  |e aacr 
041 0 |a eng 
082 0 |a 428.64 
100 1 |a Stevenson, Robert Louis,   |d 1850-1894. 
245 1 0 |a Dr. Jekyll and Mr. Hyde /  |c R. L. Stevenson 
260 |a Belmont, California :   |b Lake Education,   |c 1994 
300 |a 62 p.  |e 1 cassette 
490 1 |a Lake Illustrated Classics 
650 0 0 |a English language  |x Readers. 
830 0 |a Lake Illustrated Classics 
852 |a INST  |b CHIOS  |e 19970321  |h 428.64 STE  |p 005200015750  |q 005200015750  |t BK  |y 0 
852 |a INST  |b CHIOS  |e 19981110  |h 428.64 STE   |p 005200015303  |q 005200015303  |t BK  |y 0 
909 |a Χ  |b 049668 
909 |a Χ  |b 052945